[Event "Guernsey op 44th"]
[Site "Vale"]
[Date "2018.10.24"]
[Round "4"]
[White "Sedgwick, David"]
[Black "De Kruif, Kees"]
[Result "1-0"]
[WhiteElo "2013"]
[BlackElo "1979"]
[PlyCount "57"]
[EventDate "2018.10.21"]
[EventType "swiss"]
[EventRounds "7"]
[EventCountry "GCI"]
[SourceTitle "CBM 187 Extra"]
[Source "ChessBase"]
[SourceDate "2018.11.04"]
[SourceVersion "1"]
[SourceVersionDate "2018.11.04"]
[SourceQuality "1"]

1. e4 c5 2. Nc3 d6 3. f4 Nc6 4. Nf3 Bg4 5. h3 Bxf3 6. Qxf3 e6 7. Bb5 Nge7 8. d3 a6 9. Bxc6+ Nxc6 10. 0-0 Be7 11. Be3 Bf6 12. Rae1 Qb6 13. e5 Be7 14. exd6 Bxd6 15. Ne4 Be7 16. f5 0-0-0 17. fxe6 fxe6 18. Qg4 Nd4 19. Bxd4 cxd4 20. Nd2 Kb8 21. Qxe6 Qxe6 22. Rxe6 Bg5 23. Nc4 Rhe8 24. Re4 Rf8 25. g3 b5 26. Ne5 Rxf1+ 27. Kxf1 Rf8+ 28. Ke2 Rc8 29. Kd1 1-0

[Event "Guernsey op 44th"]
[Site "Vale"]
[Date "2018.10.21"]
[Round "1"]
[White "De Kruif, Kees"]
[Black "Hillarp Persson, Tiger"]
[Result "0-1"]
[WhiteElo "1979"]
[BlackElo "2544"]
[PlyCount "50"]
[EventDate "2018.10.21"]
[EventType "swiss"]
[EventRounds "7"]
[EventCountry "GCI"]
[SourceTitle "CBM 187 Extra"]
[Source "ChessBase"]
[SourceDate "2018.11.04"]
[SourceVersion "1"]
[SourceVersionDate "2018.11.04"]
[SourceQuality "1"]

1. c4 b6 2. d3 f5 3. Nc3 Nf6 4. Nf3 Bb7 5. Bg5 e6 6. e4 h6 7. Bxf6 Qxf6 8. Be2 fxe4 9. dxe4 Bb4 10. e5 Qf4 11. Qd2 Qxd2+ 12. Nxd2 Nc6 13. Bh5+ Ke7 14. f4 Raf8 15. 0-0 Bc5+ 16. Kh1 Be3 17. Nf3 Bxf4 18. Rfe1 g5 19. Rad1 Rhg8 20. h3 Rf5 21. Bg4 Rxe5 22. Nxe5 Nxe5 23. Be2 h5 24. Bxh5 Rh8 25. Be2 Rxh3+ 0-1

[Event "Guernsey op 42nd"]
[Site "Vale"]
[Date "2016.10.21"]
[Round "6"]
[White "Purdon, Colin"]
[Black "De Kruif, Kees"]
[Result "1-0"]
[WhiteElo "2053"]
[BlackElo "1986"]
[PlyCount "147"]
[EventDate "2016.10.16"]
[EventType "swiss"]
[EventRounds "7"]
[EventCountry "GCI"]
[SourceTitle "CBM 175 Extra"]
[Source "ChessBase"]
[SourceDate "2016.12.12"]
[SourceVersion "1"]
[SourceVersionDate "2016.12.12"]
[SourceQuality "1"]

1. d4 Nf6 2. c4 e6 3. Nf3 d5 4. Nc3 Bb4 5. cxd5 Qxd5 6. Bd2 Bxc3 7. bxc3 0-0 8. e3 b5 9. Qb3 Qxb3 10. axb3 Bd7 11. Ne5 a6 12. Bd3 Bc6 13. Nxc6 Nxc6 14. Ke2 e5 15. f3 Rfe8 16. Kf2 e4 17. Be2 Reb8 18. c4 bxc4 19. Bxc4 Nb4 20. Bxb4 Rxb4 21. Ra5 exf3 22. gxf3 Nd7 23. Rxa6 Rxa6 24. Bxa6 Rxb3 25. Rc1 Rb2+ 26. Kg3 Rb6 27. Rxc7 Rg6+ 28. Kf2 Rxa6 29. Rxd7 Kf8 30. Rb7 Rh6 31. Kg3 Rg6+ 32. Kf4 Rh6 33. Rb2 Ke7 34. e4 Rf6+ 35. Ke3 Rh6 36. d5 g5 37. e5 Rh4 38. Ra2 h6 39. Ra7+ Ke8 40. Ra2 Ke7 41. d6+ Kd8 42. Ra8+ Kd7 43. Rf8 Rf4 44. h4 Ke6 45. hxg5 hxg5 46. Re8+ Kd7 47. Re7+ Kd8 48. Ra7 Ke8 49. Ra2 Kd7 50. Rg2 f6 51. exf6 Rxf6 52. Rxg5 Kxd6 53. Ke4 Rh6 54. Kf5 Ke7 55. Rg7+ Kf8 56. Rg6 Rh5+ 57. Kf6 Rh4 58. Kg5 Rh1 59. f4 Kf7 60. Ra6 Rg1+ 61. Kf5 Rf1 62. Ra7+ Kf8 63. Kg5 Rf2 64. f5 Rf1 65. Kg6 Rg1+ 66. Kf6 Kg8 67. Ra8+ Kh7 68. Kf7 Rg7+ 69. Ke6 Rb7 70. Rd8 Rb1 71. Re8 Re1+ 72. Kf7 Rxe8 73. Kxe8 Kg7 74. Ke7 1-0

[Event "Guernsey op 41st"]
[Site "Vale"]
[Date "2015.10.23"]
[Round "6"]
[White "De Kruif, Kees"]
[Black "Pleasants, Allan J"]
[Result "1/2-1/2"]
[WhiteElo "1954"]
[BlackElo "2061"]
[PlyCount "72"]
[EventDate "2015.10.18"]
[EventType "swiss"]
[EventRounds "7"]
[EventCountry "GCI"]
[SourceTitle "EXT 2017"]
[Source "ChessBase"]
[SourceDate "2016.10.25"]
[SourceVersion "1"]
[SourceVersionDate "2016.10.25"]
[SourceQuality "1"]

1. c4 e5 2. g3 h5 3. h4 d5 4. cxd5 Nf6 5. Bg2 c6 6. dxc6 Nxc6 7. Nc3 Bc5 8. Nh3 Bf5 9. Qa4 0-0 10. Bxc6 bxc6 11. Qxc6 Rc8 12. Qg2 Bd4 13. f3 Qd7 14. Nf2 Rfd8 15. e3 Bb6 16. 0-0 a5 17. Kh2 a4 18. Rg1 a3 19. bxa3 Ba5 20. g4 hxg4 21. Nce4 Bxe4 22. fxe4 Bxd2 23. Rd1 Rc2 24. Bxd2 Rxd2 25. Rxd2 Qxd2 26. Rd1 g3+ 27. Qxg3 Ng4+ 28. Kg2 Nxe3+ 29. Qxe3 Qxe3 30. Rxd8+ Kh7 31. Rd7 f6 32. Rd3 Qe2 33. Rf3 Qxa2 34. Rg3 g6 35. Rf3 Kg7 36. Kg3 f5 1/2-1/2

[Event "Guernsey op 40th"]
[Site "Vale"]
[Date "2014.10.23"]
[Round "5"]
[White "Rosen, Daniel B"]
[Black "De Kruif, Kees"]
[Result "1/2-1/2"]
[WhiteElo "2068"]
[BlackElo "1927"]
[PlyCount "32"]
[EventDate "2014.10.19"]
[EventType "swiss"]
[EventRounds "7"]
[EventCountry "GCI"]
[SourceTitle "EXT 2016"]
[Source "ChessBase"]
[SourceDate "2015.10.08"]
[SourceVersion "1"]
[SourceVersionDate "2015.10.08"]
[SourceQuality "1"]

1. e4 c5 2. Nc3 d6 3. f4 e5 4. Nf3 exf4 5. Bc4 Be7 6. 0-0 Nf6 7. d3 0-0 8. Bxf4 Nc6 9. Kh1 a6 10. a4 Be6 11. Bxe6 fxe6 12. e5 Nd5 13. Nxd5 exd5 14. Qd2 dxe5 15. Nxe5 Nxe5 16. Bxe5 Qd7 1/2-1/2

[Event "Guernsey op 38th"]
[Site "Guernsey"]
[Date "2012.10.24"]
[Round "4"]
[White "Heppell, Ian"]
[Black "De Kruif, Kees"]
[Result "1-0"]
[WhiteElo "2118"]
[BlackElo "1956"]
[PlyCount "37"]
[EventDate "2012.10.21"]
[EventType "swiss"]
[EventRounds "7"]
[EventCountry "GCI"]
[SourceTitle "EXT 2013"]
[Source "ChessBase"]
[SourceDate "2012.11.22"]
[SourceVersion "1"]
[SourceVersionDate "2012.11.22"]
[SourceQuality "1"]

1. e4 c5 2. Nc3 d6 3. f4 Nc6 4. Nf3 e6 5. Bb5 a6 6. Bxc6+ bxc6 7. d3 d5 8. 0-0 d4 9. Na4 Nf6 10. b3 Be7 11. Ne5 Qc7 12. Ba3 Bd6 13. Bxc5 Bxe5 14. fxe5 Qxe5 15. Qf3 Bb7 16. b4 Rd8 17. Nb6 Qh5 18. Qg3 Ng4 19. h3 1-0

[Event "Guernsey op 38th"]
[Site "Guernsey"]
[Date "2012.10.22"]
[Round "2"]
[White "De Kruif, Kees"]
[Black "Slade, Theodore"]
[Result "1/2-1/2"]
[WhiteElo "1956"]
[BlackElo "1716"]
[PlyCount "42"]
[EventDate "2012.10.21"]
[EventType "swiss"]
[EventRounds "7"]
[EventCountry "GCI"]
[SourceTitle "EXT 2013"]
[Source "ChessBase"]
[SourceDate "2012.11.22"]
[SourceVersion "1"]
[SourceVersionDate "2012.11.22"]
[SourceQuality "1"]

1. b4 e5 2. Bb2 Bxb4 3. Bxe5 Nf6 4. Nc3 Ba5 5. Nf3 d6 6. Bxf6 Qxf6 7. Nd5 Qh6 8. e3 c6 9. Nf4 0-0 10. Be2 Nd7 11. 0-0 Bc7 12. c4 Nf6 13. g3 d5 14. cxd5 Bxf4 15. exf4 Nxd5 16. Qb3 Qe6 17. Rfe1 Nb6 18. Qc2 Qd5 19. Ne5 Be6 20. Bf3 Qa5 21. Be4 h6 1/2-1/2

[Event "Guernsey op 37th"]
[Site "Guernsey"]
[Date "2011.10.18"]
[Round "3"]
[White "De Kruif, Kees"]
[Black "Purdon, Colin"]
[Result "1/2-1/2"]
[WhiteElo "1953"]
[BlackElo "2075"]
[PlyCount "59"]
[EventDate "2011.10.16"]
[EventType "swiss"]
[EventRounds "7"]
[EventCountry "GCI"]
[SourceTitle "EXT 2012"]
[Source "ChessBase"]
[SourceDate "2011.11.24"]
[SourceVersion "1"]
[SourceVersionDate "2011.11.24"]
[SourceQuality "1"]

1. b4 d5 2. Bb2 Nf6 3. Nf3 e6 4. a3 a5 5. b5 c5 6. e3 Nbd7 7. Be2 Bd6 8. 0-0 0-0 9. d3 b6 10. c4 Bb7 11. h3 dxc4 12. dxc4 Qe7 13. Nc3 Rad8 14. Qc2 Ne5 15. Nd2 Bc7 16. Rad1 Rd7 17. f4 Ng6 18. Bf3 Bxf3 19. Nxf3 Rfd8 20. Rxd7 Rxd7 21. Ne4 Nxe4 22. Qxe4 Qd8 23. Qc2 Ne7 24. g4 f6 25. Rf2 Rd1+ 26. Kg2 Qd3 27. Qxd3 Rxd3 28. Re2 Kf7 29. Kf2 Nc8 30. Rd2 1/2-1/2

[Event "Guernsey op 35th"]
[Site "Guernsey"]
[Date "2009.10.21"]
[Round "4"]
[White "Gravett, Alan David"]
[Black "De Kruif, Kees"]
[Result "1/2-1/2"]
[WhiteElo "1909"]
[BlackElo "2053"]
[PlyCount "26"]
[EventDate "2009.10.18"]
[EventType "swiss"]
[EventRounds "7"]
[EventCountry "GCI"]
[SourceTitle "EXT 2010"]
[Source "ChessBase"]
[SourceDate "2010.11.25"]
[SourceVersion "1"]
[SourceVersionDate "2010.11.25"]
[SourceQuality "1"]

1. Nf3 b5 2. g3 Bb7 3. Bg2 e6 4. 0-0 Nf6 5. d3 Be7 6. a4 b4 7. Nbd2 c5 8. e4 d6 9. a5 0-0 10. Re1 Qc7 11. Nc4 a6 12. Bf4 e5 13. Bd2 Nc6 1/2-1/2

[Event "Guernsey op 35th"]
[Site "Guernsey"]
[Date "2009.10.19"]
[Round "2"]
[White "De Kleijnen, Henk J"]
[Black "De Kruif, Kees"]
[Result "1/2-1/2"]
[WhiteElo "1944"]
[BlackElo "2053"]
[PlyCount "31"]
[EventDate "2009.10.18"]
[EventType "swiss"]
[EventRounds "7"]
[EventCountry "GCI"]
[SourceTitle "EXT 2010"]
[Source "ChessBase"]
[SourceDate "2010.11.25"]
[SourceVersion "1"]
[SourceVersionDate "2010.11.25"]
[SourceQuality "1"]

1. d4 Nf6 2. Nf3 e6 3. e3 c5 4. c3 Be7 5. Bd3 0-0 6. Nbd2 a6 7. 0-0 b5 8. e4 Bb7 9. b3 d6 10. Bb2 Qc7 11. Rc1 Nbd7 12. Re1 h6 13. Qe2 Rfc8 14. c4 bxc4 15. Nxc4 Qd8 16. Ncd2 1/2-1/2

[Event "Guernsey op 35th"]
[Site "Guernsey"]
[Date "2009.10.18"]
[Round "1"]
[White "De Kruif, Kees"]
[Black "Hoare, Amy B"]
[Result "0-1"]
[WhiteElo "2053"]
[BlackElo "1797"]
[PlyCount "78"]
[EventDate "2009.10.18"]
[EventType "swiss"]
[EventRounds "7"]
[EventCountry "GCI"]
[SourceTitle "EXT 2010"]
[Source "ChessBase"]
[SourceDate "2010.11.25"]
[SourceVersion "1"]
[SourceVersionDate "2010.11.25"]
[SourceQuality "1"]

1. b4 d5 2. Bb2 e6 3. e3 Nf6 4. b5 Be7 5. Nf3 Nbd7 6. c4 a6 7. a4 dxc4 8. Bxc4 0-0 9. Nc3 b6 10. 0-0 Bb7 11. d4 c5 12. bxc6 Bxc6 13. Qe2 Qc8 14. Nd2 Qb7 15. e4 Rfe8 16. f3 h6 17. Nb3 Bb4 18. Rfc1 Reb8 19. Na2 Bf8 20. Bc3 Bxa4 21. Nb4 b5 22. Na5 Qb6 23. Nbc6 Rc8 24. Rcb1 Rxc6 25. Rxa4 Qc7 26. Nxc6 bxa4 27. d5 exd5 28. exd5 Bd6 29. g3 Re8 30. Qa2 Ne5 31. Ba5 Qd7 32. Nxe5 Bxe5 33. Bxa6 Qxd5 34. Bc4 Qxf3 35. Bxf7+ Kh8 36. Qg2 Bd4+ 37. Kh1 Qxg2+ 38. Kxg2 Re2+ 39. Kh1 Ng4 0-1

[Event "Guernsey op 34th"]
[Site "Guernsey"]
[Date "2008.10.21"]
[Round "3"]
[White "Havenaar, Jan"]
[Black "De Kruif, Kees"]
[Result "1-0"]
[WhiteElo "2170"]
[BlackElo "2038"]
[PlyCount "43"]
[EventDate "2008.10.19"]
[EventType "swiss"]
[EventRounds "7"]
[EventCountry "GCI"]
[SourceTitle "EXT 2009"]
[Source "ChessBase"]
[SourceDate "2008.11.26"]
[SourceVersion "1"]
[SourceVersionDate "2008.11.26"]
[SourceQuality "1"]

1. Nc3 d5 2. e4 d4 3. Nce2 c5 4. Ng3 e5 5. Nf3 Nc6 6. Bc4 Be7 7. 0-0 Nf6 8. c3 0-0 9. Bb5 Bd7 10. Re1 Qc7 11. d3 dxc3 12. bxc3 a6 13. Bxc6 Bxc6 14. Bb2 Rad8 15. Qc2 Bb5 16. c4 Bc6 17. Nxe5 Nd7 18. Nxc6 Qxc6 19. Nf5 Bf6 20. e5 Qe6 21. d4 Be7 22. d5 1-0

[Event "Guernsey op 34th"]
[Site "Guernsey"]
[Date "2008.10.20"]
[Round "2"]
[White "De Kruif, Kees"]
[Black "Heath, Jeffrey"]
[Result "1-0"]
[WhiteElo "2038"]
[BlackElo "1925"]
[PlyCount "55"]
[EventDate "2008.10.19"]
[EventType "swiss"]
[EventRounds "7"]
[EventCountry "GCI"]
[SourceTitle "EXT 2009"]
[Source "ChessBase"]
[SourceDate "2008.11.26"]
[SourceVersion "1"]
[SourceVersionDate "2008.11.26"]
[SourceQuality "1"]

1. b4 d5 2. Bb2 Nf6 3. e3 Bf5 4. c4 e6 5. b5 Nbd7 6. Nf3 a6 7. a4 axb5 8. axb5 Rxa1 9. Bxa1 Qa8 10. Nc3 dxc4 11. Bxc4 Nb6 12. Be2 Bd6 13. 0-0 0-0 14. Nh4 Be4 15. Nxe4 Nxe4 16. Bd3 Nc5 17. Qg4 f6 18. Bb1 Qe8 19. d4 Ncd7 20. Ba2 Kf7 21. f4 Rh8 22. f5 Nf8 23. fxe6+ Nxe6 24. Nf3 h6 25. Nh4 Rg8 26. e4 Nd7 27. e5 Bf8 28. d5 1-0

[Event "Guernsey op 34th"]
[Site "Guernsey"]
[Date "2008.10.19"]
[Round "1"]
[White "Bisby, Daniel L"]
[Black "De Kruif, Kees"]
[Result "1-0"]
[WhiteElo "2287"]
[BlackElo "2038"]
[PlyCount "89"]
[EventDate "2008.10.19"]
[EventType "swiss"]
[EventRounds "7"]
[EventCountry "GCI"]
[SourceTitle "EXT 2009"]
[Source "ChessBase"]
[SourceDate "2008.11.26"]
[SourceVersion "1"]
[SourceVersionDate "2008.11.26"]
[SourceQuality "1"]

1. e4 c5 2. Nf3 d6 3. d4 cxd4 4. Nxd4 Nf6 5. Nc3 a6 6. Be3 e6 7. f4 Qc7 8. Qf3 Nc6 9. Bd3 Be7 10. 0-0-0 0-0 11. g4 Nb4 12. g5 Nd7 13. Kb1 b5 14. h4 Bb7 15. h5 Rfc8 16. g6 Bf6 17. gxf7+ Kxf7 18. Qh3 Nc5 19. a3 Nbxd3 20. cxd3 Qd7 21. Rhg1 a5 22. f5 b4 23. fxe6+ Nxe6 24. Nd5 Bxd5 25. exd5 Nc5 26. Qxd7+ Nxd7 27. Nf5 Ra6 28. Bf4 Rc5 29. Nxd6+ Kf8 30. Rde1 Ra8 31. Re6 Rxd5 32. Rge1 g5 33. hxg6 hxg6 34. Bh6+ Kg8 35. Ne4 Kf7 36. Nxf6 Nxf6 37. Re7+ Kg8 38. Rg7+ Kh8 39. Rxg6 Nh5 40. Bg5 Ng7 41. Bf6 Ra7 42. Reg1 Rdd7 43. Bxg7+ Rxg7 44. Rxg7 Rxg7 45. Rxg7 1-0

[Event "Guernsey op 33rd"]
[Site "Guernsey"]
[Date "2007.10.27"]
[Round "7"]
[White "De Kruif, Kees"]
[Black "Gravett, Alan David"]
[Result "1/2-1/2"]
[WhiteElo "2063"]
[BlackElo "1961"]
[PlyCount "21"]
[EventDate "2007.10.21"]
[EventType "swiss"]
[EventRounds "7"]
[EventCountry "GCI"]
[SourceTitle "EXT 2009"]
[Source "ChessBase"]
[SourceDate "2008.11.26"]
[SourceVersion "1"]
[SourceVersionDate "2008.11.26"]
[SourceQuality "1"]

1. b4 d5 2. Bb2 Nf6 3. e3 c6 4. c4 e6 5. a3 Bd6 6. Nf3 Nbd7 7. c5 Bc7 8. Be2 0-0 9. 0-0 Re8 10. d4 Ne4 11. Nbd2 1/2-1/2